| 000 | 01308nam1a22002291i 4500 | ||
|---|---|---|---|
| 001 | rc\449373 | ||
| 005 | 20240726050310.0 | ||
| 035 | _a(NLR Aleph) 005816417 | ||
| 090 |
_a5435267 _c5435267 |
||
| 100 | _a20030616d1988 u |0rusy50 ca | ||
| 101 | 0 | _arus | |
| 102 | _aRU | ||
| 105 | _ay ||||||||| | ||
| 200 | 1 |
_aСОСТАВЛЕНИЕ и использование контрольно-обучающих программ для ЭВМ по курсу "Вычислительная техника и ТСО" _eМетод. рекомендации для студентов и преподавателей пед. ин-тов, учащихся и преподавателей педучилищ _fМ-во нар. образования УССР, Респ. учеб.-метод. каб. по высш. и сред. пед. образованию _g[Сост.: М.М. Духовная, к. п. н. Е.В. Адаменко] |
|
| 210 |
_aКиев _cРУМК _d1988 |
||
| 215 | _d20 | ||
| 702 | 1 |
_aДуховная _bМ.М. _gМара Михайловна _4220 |
|
| 712 | 0 | 2 |
_aУкраинский респ. учеб.-метод. кабинет высшего и среднего пед. образования _cКиев |
| 801 | 0 |
_aRU _bNLR _gpsbo |
|
| 801 | 1 |
_aRU _bELAR _2rusmarc |
|
| 852 |
_aNLR _j89-4/12900 |
||
| 942 | _cBOOK | ||